| 000 | 01485cam a22003371 4500 | ||
|---|---|---|---|
| 001 | e 52000006 | ||
| 003 | DLC | ||
| 005 | 20260227111234.0 | ||
| 008 | 850917s1951 dcu b 000 0 eng c | ||
| 010 | _ae 52000006 | ||
| 035 | _a(OCoLC)12563281 | ||
| 040 |
_aU.S. Office of Education Library _cNBuC _dNBuC _dDLC |
||
| 042 | _apremarc | ||
| 050 | 0 | 0 |
_aL111 _b.A6 1951, no. 6 |
| 051 |
_aLB2825 _b.A454 1951 |
||
| 082 | _a379.12 | ||
| 110 | 1 |
_aUnited States. _bOffice of Education. |
|
| 245 | 1 | 0 |
_aState provisions for financing public-school capital outlay programs. _cA cooperative study by the Office of Education, Federal Security Agency, and the University of California, Berkeley, under the sponsorship of the National Council of Chief State School Officers. |
| 260 |
_a[Washington, _c1951] |
||
| 300 |
_avi, 170 p. _c23 cm. |
||
| 490 | 1 |
_aIts Bulletin, 1951, _vno. 6 |
|
| 501 |
_aCopies 1 and 2 of L111.A6 with: Frustration in adolescent youth / David Segel. Washington : Govt. Print. Off., 1951. Bound together subsequent to publication. _5DLC |
||
| 504 | _aBibliography: p. 168. | ||
| 650 | 0 |
_aEducation _zUnited States _xFinance. |
|
| 650 | 0 |
_aEducation and state _zUnited States. |
|
| 650 | 0 |
_aSchool buildings _zUnited States. |
|
| 710 | 1 |
_aCalifornia. _bUniversity. |
|
| 710 | 2 | _aCouncil of Chief State School Officers. | |
| 740 | 0 | _aFinancing public-school capital outlay programs. | |
| 810 | 1 |
_aUnited States. _bOffice of Education. _tBulletin. _n1951, _vno. 6. |
|
| 999 |
_c22166 _d22166 |
||